000 00308nam a22001217a 4500
003 SGT
082 _a973
_bBHA
100 _aBHADURI REENA
245 _aSELECTED SPEECHES IN BENGAL LEGISLATIVE ASSEMBLY 1937-1947
260 _aKOLKATTA
_bASUTOSH MOOKERJEE MEMORIAL INSTITUTE
300 _a256
942 _2ddc
_cBK
999 _c25548
_d25548